Compendium of tourism statistics : data 2007-2011

Αποθηκεύτηκε σε:
Λεπτομέρειες βιβλιογραφικής εγγραφής
Συγγραφή απο Οργανισμό/Αρχή: World Tourism Organization
Μορφή: Βιβλίο
Γλώσσα:English
Δημοσίευση: Madrid : World Tourism Organization, c2013
Θέματα:
Ετικέτες: Προσθήκη ετικέτας
Δεν υπάρχουν, Καταχωρήστε ετικέτα πρώτοι!

MARC

LEADER 00000cam a2200000 i 4500
001 1/29581
008 130516s2013 eng d
020 |a 978-92-844-1489-5 (hbk.) 
035 |l 10114404 
040 |a GR-MY-UA  |b gre  |e aacr 
041 0 |a eng 
082 0 |a 338.4791021  |2 (22) 
110 2 |a World Tourism Organization. 
245 1 0 |a Compendium of tourism statistics :  |b data 2007-2011 /  |c World Tourism Organization 
260 |a Madrid :   |b World Tourism Organization,   |c c2013 
300 |a xx, 639 σ.;  |b πίν.;  |c 31 εκ. 
650 0 0 |a Tourism  |x Statistics. 
852 |a INST  |b CHIOS  |e 20130516  |h 338.4791021 WOR  |p 005200035452  |q 005200035452  |t REF  |y 23 
901 |a BIBL2-2013-2 
909 |a Χ  |b 175455 
970 |a ΣΠΕΝΤΖΑ  |b ΕΛΕΝΗ  |z 2013/05/16